000 00490nam a2200169 i 4500
001 70187
003 ES-MaACL
005 20230906170738.0
007 t|
008 040720s1955 sp ||||1| spa d
100 1 _aGarcía Pérez, Francisco.
_955104
245 1 3 _aEl seguro obligatorio de enfermedad... /
_cFrancisco García Pérez.
250 _a1ª ed.
260 _aPamplona :
_b[s.n.,
_c1955] (
_fGráfs. Irujo)
300 _a64 p. ;
_c21 cm.
852 _aES-MaACL
_j1989-F-3
_bR.38112
999 _c70187
_d70187